[Event "American Continental Blitz 19th"]
[Site "Foz do Iguacu"]
[Date "2025.05.30"]
[Round "5"]
[White "Giron Chavez, David Emanuel"]
[Black "Caetano, Hugo Zanotti Mendon"]
[Result "1/2-1/2"]
[WhiteElo "2108"]
[BlackElo "2144"]
[PlyCount "111"]
[EventDate "2025.05.30"]
[EventType "swiss (blitz)"]
[EventRounds "9"]
[EventCountry "BRA"]
[SourceTitle "CB23_2025"]
[SourceDate "2025.06.04"]
[SourceVersion "1"]
[SourceVersionDate "2025.06.04"]
[SourceQuality "1"]

1. e4 c5 2. Nf3 Nc6 3. d4 cxd4 4. Nxd4 g6 5. c4 Bg7 6. Be3 Nh6 7. Be2 f5 8. Nc3 0-0 9. exf5 Nxd4 10. Bxd4 Nxf5 11. Bxg7 Kxg7 12. 0-0 d6 13. Bf3 e5 14. g3 Nd4 15. Bg2 Be6 16. Nb5 Nxb5 17. cxb5 Bc4 18. Re1 Bxb5 19. Bxb7 Rb8 20. Bd5 Qf6 21. Qd2 Bd7 22. Bg2 Bg4 23. b4 Rb6 24. a4 Bf3 25. Bxf3 Qxf3 26. Re3 Qf6 27. b5 d5 28. Rc1 d4 29. Rc7+ Rf7 30. Rxf7+ Kxf7 31. Re1 Kg7 32. Rf1 Re6 33. a5 e4 34. Re1 Qe5 35. Rb1 e3 36. fxe3 dxe3 37. Qe2 Rd6 38. b6 axb6 39. axb6 Qe4 40. Rd1 Rxb6 41. Rd7+ Kh6 42. Rd3 Rb1+ 43. Rd1 Rb3 44. Rf1 Rd3 45. Rf3 Qd4 46. Rf4 Qd5 47. Rf1 g5 48. h4 Rd2 49. hxg5+ Kg6 50. Qf3 Qxf3 51. Rxf3 e2 52. Re3 Rd1+ 53. Kf2 Rf1+ 54. Kxe2 Rf5 55. Rf3 Rxg5 56. Kf2 1/2-1/2

[Event "American Continental Blitz 19th"]
[Site "Foz do Iguacu"]
[Date "2025.05.30"]
[Round "7"]
[White "Giron Chavez, David Emanuel"]
[Black "Reyes Zavaleta, Cristhian Yamil"]
[Result "0-1"]
[WhiteElo "2108"]
[BlackElo "2073"]
[PlyCount "126"]
[EventDate "2025.05.30"]
[EventType "swiss (blitz)"]
[EventRounds "9"]
[EventCountry "BRA"]
[SourceTitle "CB23_2025"]
[SourceDate "2025.06.04"]
[SourceVersion "1"]
[SourceVersionDate "2025.06.04"]
[SourceQuality "1"]

1. d4 d5 2. f4 Nf6 3. Nf3 e6 4. e3 c5 5. c3 Be7 6. Bd3 0-0 7. Nbd2 b6 8. Qe2 Bb7 9. Ne5 Ne4 10. Nxe4 dxe4 11. Bc4 Qc8 12. 0-0 Ba6 13. Bxa6 Qxa6 14. Qc2 Qb7 15. Bd2 f6 16. Ng4 f5 17. Ne5 Bf6 18. Qb3 Qc8 19. d5 Bxe5 20. fxe5 c4 21. Qb5 Qd7 22. Qxc4 exd5 23. Qb3 Nc6 24. c4 Nxe5 25. cxd5 Rad8 26. Bc3 Nd3 27. d6+ Kh8 28. a4 Qxd6 29. a5 Qc5 30. Bd4 Rxd4 31. exd4 Qxd4+ 32. Kh1 Nf2+ 33. Rxf2 Qxf2 34. axb6 Qxb6 35. Qa3 Rd8 36. h3 e3 37. Qe7 Qd6 38. Qxe3 a6 39. Qe2 h6 40. Rxa6 Qc5 41. Ra1 Qb4 42. Qc2 Qf4 43. Qc6 Kh7 44. Qc2 Rd2 45. Qc6 Rxb2 46. Rg1 Re2 47. Qd5 Qe4 48. Qd1 f4 49. Qb1 Kg6 50. Qxe4+ Rxe4 51. Ra1 Kg5 52. Kg1 Re2 53. Kf1 Rb2 54. Ra3 Kh4 55. Rf3 g5 56. Kg1 h5 57. Kh2 Rb4 58. Kg1 g4 59. hxg4 hxg4 60. Ra3 Rb2 61. Ra1 Kg3 62. Ra3+ f3 63. Ra1 Rxg2+ 0-1

[Event "American Continental 19th"]
[Site "Foz do Iguacu"]
[Date "2025.05.26"]
[Round "5"]
[White "Pierrot, Juan Facundo"]
[Black "Giron Chavez, David Emanuel"]
[Result "1/2-1/2"]
[WhiteElo "2253"]
[BlackElo "2108"]
[PlyCount "71"]
[EventDate "2025.05.23"]
[EventType "swiss"]
[EventRounds "11"]
[EventCountry "BRA"]
[SourceTitle "CB23_2025"]
[SourceDate "2025.06.04"]
[SourceVersion "1"]
[SourceVersionDate "2025.06.04"]
[SourceQuality "1"]

1. d4 Nf6 2. c4 e6 3. Nf3 c5 4. d5 exd5 5. cxd5 d6 6. Nc3 g6 7. h3 Bg7 8. e4 0-0 9. Bd3 b5 10. 0-0 c4 11. Bc2 b4 12. Na4 Bd7 13. Re1 Re8 14. Bd2 Na6 15. Rc1 Rc8 16. Bf4 Bxa4 17. Bxa4 Rxe4 18. Rxe4 Nxe4 19. Qe2 Nac5 20. Rxc4 Nxa4 21. Rxe4 Nb6 22. Bg5 Bf6 23. Bxf6 Qxf6 24. Rxb4 Nxd5 25. Rd4 Ne7 26. Qd2 Nf5 27. Ra4 Rc7 28. Rb4 h5 29. Qd5 Kg7 30. Rb8 h4 31. Qd2 Rd7 32. Rb4 d5 33. Nd4 Nd6 34. Nf3 Nf5 35. Nd4 Nd6 36. Nf3 1/2-1/2

[Event "Bolivarian Games Blitz"]
[Site "Lima"]
[Date "2024.12.03"]
[Round "1.9"]
[White "Avila Pavas, Santiago"]
[Black "Giron Chavez, David Emanuel"]
[Result "1/2-1/2"]
[WhiteElo "2511"]
[BlackElo "2051"]
[PlyCount "54"]
[EventDate "2024.12.03"]
[EventType "team (blitz)"]
[EventRounds "5"]
[EventCountry "PER"]
[SourceTitle "CB50_2024"]
[SourceDate "2024.11.01"]
[SourceVersion "1"]
[SourceVersionDate "2024.11.01"]
[SourceQuality "2"]
[WhiteTeam "Colombia"]
[BlackTeam "Guatemala"]
[WhiteTeamCountry "COL"]
[BlackTeamCountry "GUA"]

1. d4 Nf6 2. Nf3 c5 3. d5 d6 4. Nc3 g6 5. e4 Bg4 6. Be2 Bxf3 7. Bxf3 Bg7 8. 0-0 0-0 9. Be2 Na6 10. f4 Nd7 11. Be3 Nc7 12. a4 Rb8 13. Qd2 b6 14. Rad1 a6 15. e5 b5 16. axb5 axb5 17. e6 b4 18. Ne4 fxe6 19. dxe6 Nb6 20. Ng5 Ncd5 21. Nf7 Qc8 22. f5 gxf5 23. Nh6+ Kh8 24. Nf7+ Kg8 25. Nh6+ Kh8 26. Nf7+ Kg8 27. Nh6+ Kh8 1/2-1/2

[Event "Bolivarian Games Rapid"]
[Site "Lima"]
[Date "2024.12.02"]
[Round "2.1"]
[White "Cori, Jorge Moise"]
[Black "Giron Chavez, David Emanuel"]
[Result "1-0"]
[WhiteElo "2595"]
[BlackElo "2051"]
[PlyCount "77"]
[EventDate "2024.12.02"]
[EventType "team (rapid)"]
[EventRounds "5"]
[EventCountry "PER"]
[SourceTitle "CB50_2024"]
[SourceDate "2024.11.01"]
[SourceVersion "1"]
[SourceVersionDate "2024.11.01"]
[SourceQuality "2"]
[WhiteTeam "Peru"]
[BlackTeam "Guatemala"]
[WhiteTeamCountry "PER"]
[BlackTeamCountry "GUA"]

1. d4 Nf6 2. Nf3 e6 3. e3 b6 4. Bd3 Bb7 5. 0-0 c5 6. c4 Be7 7. Nc3 cxd4 8. exd4 d6 9. d5 e5 10. Ng5 h6 11. Nge4 Na6 12. f4 Nd7 13. Qg4 g6 14. f5 g5 15. f6 Bf8 16. Be3 Ndc5 17. Nxc5 Nxc5 18. Bc2 Bc8 19. Qh5 Qd7 20. Bxc5 Qg4 21. Ba4+ Kd8 22. Qxg4 Bxg4 23. Be3 Rc8 24. Bb5 Bd7 25. a4 Bxb5 26. axb5 Rc7 27. b3 Kc8 28. Ne4 Rg8 29. Rf2 Rb7 30. Rfa2 Kb8 31. Bd2 h5 32. Bxg5 Rg6 33. h4 Bh6 34. Nxd6 Rd7 35. Ne4 Bf8 36. d6 Bxd6 37. Rd2 Bc5+ 38. Nxc5 Rxd2 39. Na6+ 1-0

[Event "Olympiad-45"]
[Site "Budapest"]
[Date "2024.09.20"]
[Round "9.1"]
[White "Barrish, Daniel"]
[Black "Giron Chavez, David Emanuel"]
[Result "1-0"]
[WhiteElo "2281"]
[BlackElo "2065"]
[PlyCount "81"]
[EventDate "2024.09.11"]
[EventType "team-swiss"]
[EventRounds "11"]
[EventCountry "HUN"]
[SourceTitle "EXT 2025"]
[Source "ChessBase"]
[SourceDate "2024.10.14"]
[SourceVersion "1"]
[SourceVersionDate "2024.10.14"]
[SourceQuality "1"]
[WhiteTeam "South Africa"]
[BlackTeam "Guatemala"]
[WhiteTeamCountry "RSA"]
[BlackTeamCountry "GUA"]

1. d4 Nf6 2. c4 e6 3. Nc3 Bb4 4. Qc2 d5 5. a3 Bxc3+ 6. Qxc3 Ne4 7. Qc2 c5 8. dxc5 Nc6 9. Nf3 Qa5+ 10. Bd2 Qxc5 11. e3 Nxd2 12. Nxd2 0-0 13. b4 Qe7 14. Be2 d4 15. 0-0 dxe3 16. fxe3 e5 17. c5 Be6 18. Nc4 Rac8 19. Nd6 Rc7 20. Rac1 Qg5 21. Qe4 f5 22. Qf3 a6 23. Bc4 Bxc4 24. Rxc4 g6 25. h4 Qd8 26. Nxb7 Qe7 27. Nd6 e4 28. Qg3 Qe5 29. Qxe5 Nxe5 30. Rd4 a5 31. Nb5 Rb7 32. Nd6 Rc7 33. Rc1 axb4 34. axb4 Rb8 35. b5 Nd3 36. b6 Rxb6 37. cxb6 Rxc1+ 38. Kh2 Rb1 39. b7 Nc5 40. Rc4 Na6 41. Rc6 1-0

[Event "Olympiad-45"]
[Site "Budapest"]
[Date "2024.09.14"]
[Round "4.61"]
[White "Giron Chavez, David Emanuel"]
[Black "Abdellahi, Khaled Abdellahi"]
[Result "1-0"]
[WhiteElo "2065"]
[BlackElo "1894"]
[PlyCount "141"]
[EventDate "2024.09.11"]
[EventType "team-swiss"]
[EventRounds "11"]
[EventCountry "HUN"]
[SourceTitle "EXT 2025"]
[Source "ChessBase"]
[SourceDate "2024.10.14"]
[SourceVersion "1"]
[SourceVersionDate "2024.10.14"]
[SourceQuality "1"]
[WhiteTeam "Guatemala"]
[BlackTeam "Mauritania"]
[WhiteTeamCountry "GUA"]
[BlackTeamCountry "MAU"]

1. e4 c5 2. c3 Nf6 3. e5 Nd5 4. d4 cxd4 5. Nf3 Nc6 6. Bc4 Nb6 7. Bb3 d6 8. exd6 Qxd6 9. 0-0 Be6 10. Bxe6 Qxe6 11. cxd4 Qd7 12. Nc3 Rd8 13. Bf4 e6 14. Qb3 Bd6 15. Bxd6 Qxd6 16. Nb5 Qb8 17. Rfe1 0-0 18. Rad1 a6 19. Nc3 Nd5 20. Ne5 Qc7 21. Nc4 b5 22. Ne3 Nce7 23. Ne4 Qa7 24. a4 bxa4 25. Qxa4 Rb8 26. Qa3 Qb6 27. Rd2 Rfd8 28. Red1 h6 29. h3 a5 30. Nc4 Qb4 31. Nxa5 Qxa3 32. bxa3 Ra8 33. Nc4 Ra4 34. Rc1 Nf4 35. Nc5 Ra7 36. Kh2 Nf5 37. Rcd1 Nd6 38. Nxd6 Rxd6 39. a4 Nd5 40. Rb1 Nc7 41. Rb7 Rxb7 42. Nxb7 Rb6 43. Nc5 Na6 44. Rc2 Rc6 45. f4 f6 46. Rc1 e5 47. fxe5 fxe5 48. Nd3 Rxc1 49. Nxc1 exd4 50. Ne2 d3 51. Nc3 Kf7 52. Kg3 Ke6 53. Kf3 Ke5 54. Ke3 Nb4 55. a5 Kd6 56. Ne4+ Kd5 57. Nf2 Kc4 58. Nxd3 Nc6 59. a6 Kb5 60. Ke4 Kxa6 61. Kf5 Ne7+ 62. Ke6 Ng6 63. g3 Nh8 64. h4 Kb5 65. h5 g6 66. g4 gxh5 67. gxh5 Kc6 68. Ne5+ Kc7 69. Ng6 Kd8 70. Nxh8 Ke8 71. Ng6 1-0

[Event "Olympiad-45"]
[Site "Budapest"]
[Date "2024.09.13"]
[Round "3.39"]
[White "Volodin, Aleksandr"]
[Black "Giron Chavez, David Emanuel"]
[Result "1/2-1/2"]
[WhiteElo "2457"]
[BlackElo "2065"]
[PlyCount "114"]
[EventDate "2024.09.11"]
[EventType "team-swiss"]
[EventRounds "11"]
[EventCountry "HUN"]
[SourceTitle "EXT 2025"]
[Source "ChessBase"]
[SourceDate "2024.10.14"]
[SourceVersion "1"]
[SourceVersionDate "2024.10.14"]
[SourceQuality "1"]
[WhiteTeam "Estonia"]
[BlackTeam "Guatemala"]
[WhiteTeamCountry "EST"]
[BlackTeamCountry "GUA"]

1. d4 Nf6 2. c4 e6 3. Nf3 Bb4+ 4. Bd2 Qe7 5. g3 Nc6 6. Bg2 Bxd2+ 7. Nbxd2 d6 8. 0-0 0-0 9. Nb1 d5 10. Nbd2 Rd8 11. e3 e5 12. cxd5 Nxd5 13. e4 Nf6 14. d5 Nb8 15. Nc4 Bg4 16. Qb3 Bxf3 17. Bxf3 b6 18. Qc3 Nbd7 19. b4 Rac8 20. Ne3 g6 21. Rac1 Nb8 22. Ng4 Nfd7 23. Rfd1 h5 24. Ne3 c6 25. d6 Qf6 26. Bg2 Qe6 27. f4 b5 28. f5 Qf6 29. Qa3 a6 30. Rd2 g5 31. Bf1 Nb6 32. Be2 g4 33. Rcd1 Rd7 34. h3 Rcd8 35. hxg4 h4 36. gxh4 Qxh4 37. Ng2 Qh6 38. Qg3 Rxd6 39. g5 Qf8 40. Rxd6 Rxd6 41. Qxe5 Rxd1+ 42. Bxd1 N8d7 43. Qc3 c5 44. g6 fxg6 45. Qg3 cxb4 46. Bb3+ Nc4 47. Qxg6+ Qg7 48. Qe6+ Kf8 49. f6 Nxf6 50. Qxa6 Nd7 51. Qxb5 Qd4+ 52. Kh2 Qh8+ 53. Kg3 Qg7+ 54. Kh3 Qh6+ 55. Kg3 Qg7+ 56. Kf2 Qd4+ 57. Kg3 Qg7+ 1/2-1/2

[Event "Olympiad-44"]
[Site "Chennai"]
[Date "2022.08.08"]
[Round "10.4"]
[White "Laylo, Darwin"]
[Black "Giron Chavez, David Emanuel"]
[Result "1-0"]
[WhiteElo "2432"]
[BlackElo "2115"]
[PlyCount "155"]
[EventDate "2022.07.29"]
[EventType "team-swiss"]
[EventRounds "11"]
[EventCountry "IND"]
[SourceTitle "CBM 210"]
[Source "ChessBase"]
[SourceDate "2022.10.31"]
[SourceVersion "1"]
[SourceVersionDate "2022.10.31"]
[SourceQuality "1"]
[WhiteTeam "Philippines"]
[BlackTeam "Guatemala"]
[WhiteTeamCountry "PHI"]
[BlackTeamCountry "GUA"]

1. c4 Nf6 2. Nc3 e5 3. g3 Bb4 4. Bg2 0-0 5. e4 Nc6 6. Nge2 d6 7. 0-0 Bc5 8. d3 h6 9. h3 Nd4 10. Kh2 c6 11. Nxd4 Bxd4 12. Ne2 Bc5 13. d4 exd4 14. Nxd4 Re8 15. Nb3 Qb6 16. Qc2 Be6 17. Bf4 Rad8 18. Rac1 a5 19. Nxc5 Qxc5 20. Be3 Qh5 21. Bb6 Rd7 22. Bd4 Ng4+ 23. Kg1 Ne5 24. g4 Qh4 25. f4 Bxc4 26. fxe5 Bxf1 27. Rxf1 dxe5 28. Bc3 Qd8 29. Qa4 b5 30. Qxa5 Qxa5 31. Bxa5 Ra7 32. b4 Re6 33. Rc1 Rd7 34. Rc2 Rd4 35. Kf2 Red6 36. Ke2 f6 37. Bb6 Rc4 38. Rb2 Rc1 39. Be3 Ra1 40. Rc2 Rd8 41. Bd2 Rd6 42. h4 g5 43. h5 Kf7 44. Bf3 Ke8 45. Be3 Rd8 46. Kf2 Ra8 47. Rxc6 R8xa2+ 48. Kg3 Ra3 49. Bb6 Kf7 50. Rc7+ Kg8 51. Rc2 Rb3 52. Bc5 Raa3 53. Rf2 Kf7 54. Kg2 Ke6 55. Be2 Rg3+ 56. Kh2 Rh3+ 57. Kg1 Rhg3+ 58. Rg2 Rxg2+ 59. Kxg2 Ra2 60. Kf3 Ra3+ 61. Kf2 Ra2 62. Ke3 Ra3+ 63. Bd3 Kd7 64. Kd2 Kc6 65. Bf8 Ra2+ 66. Bc2 Kd7 67. Bxh6 Ke7 68. Bg7 Kf7 69. h6 Ra3 70. Bd3 Rb3 71. Bxb5 Rxb4 72. Be8+ Kg8 73. Bxf6 Kh7 74. Bxg5 Rxe4 75. Bh5 Ra4 76. Be3 e4 77. g5 Ra2+ 78. Kc3 1-0

[Event "San Salvador zt 2.3"]
[Site "San Salvador"]
[Date "2017.05.30"]
[Round "8"]
[White "Sanchez Alvarez, Roberto Carlos"]
[Black "Giron Chavez, David Emanuel"]
[Result "1-0"]
[WhiteElo "2404"]
[BlackElo "2152"]
[PlyCount "43"]
[EventDate "2017.05.26"]
[EventType "swiss"]
[EventRounds "9"]
[EventCountry "ESA"]
[SourceTitle "CBM 178 Extra"]
[Source "ChessBase"]
[SourceDate "2017.06.22"]
[SourceVersion "1"]
[SourceVersionDate "2017.06.22"]
[SourceQuality "1"]

1. d4 Nf6 2. c4 e6 3. Nc3 Bb4 4. Nf3 c5 5. g3 Nc6 6. Bg2 0-0 7. 0-0 Bxc3 8. bxc3 d6 9. Bf4 Nh5 10. Be3 Qe7 11. Rb1 Na5 12. dxc5 dxc5 13. Ne5 Qc7 14. Rb5 Qxe5 15. Rxc5 Qxc3 16. Bd4 Qb4 17. Rxh5 f5 18. Bxg7 Kxg7 19. Qd4+ Kg8 20. Rg5+ Kf7 21. Rg7+ Ke8 22. Bf3 1-0

[Event "San Salvador zt 2.3"]
[Site "San Salvador"]
[Date "2017.05.27"]
[Round "2"]
[White "Ruiz Castillo, Joshua Daniel"]
[Black "Giron Chavez, David Emanuel"]
[Result "1-0"]
[WhiteElo "2350"]
[BlackElo "2152"]
[PlyCount "113"]
[EventDate "2017.05.26"]
[EventType "swiss"]
[EventRounds "9"]
[EventCountry "ESA"]
[SourceTitle "CBM 178 Extra"]
[Source "ChessBase"]
[SourceDate "2017.06.22"]
[SourceVersion "1"]
[SourceVersionDate "2017.06.22"]
[SourceQuality "1"]

1. e4 c5 2. Nf3 d6 3. d4 cxd4 4. Nxd4 Nf6 5. Nc3 a6 6. Bg5 e6 7. f4 h6 8. Bh4 Qb6 9. a3 Be7 10. Bf2 Qc7 11. Qf3 Nbd7 12. 0-0-0 b5 13. g4 g5 14. h4 gxf4 15. Be2 Bb7 16. g5 Ne5 17. Qxf4 Ng6 18. Qf3 hxg5 19. hxg5 Rxh1 20. Rxh1 Nd7 21. Kb1 Nde5 22. Qg3 0-0-0 23. Rd1 Kb8 24. Bg1 Nc6 25. Nb3 Nge5 26. a4 b4 27. Nb5 axb5 28. axb5 Rc8 29. Qe3 Rg8 30. bxc6 Nxc6 31. Bh2 Ne5 32. Qd4 Rxg5 33. Bf4 Rg2 34. Bd3 Nxd3 35. Qxd3 Ba6 36. Bxd6 Bxd3 37. Bxc7+ Kxc7 38. Rxd3 Re2 39. Rf3 Re1+ 40. Ka2 f6 41. Nd2 Re2 42. Rd3 Bf8 43. Kb3 Bh6 44. Nc4 Rxe4 45. Kxb4 f5 46. Kb5 Re2 47. c3 Bf4 48. b4 Rg2 49. Nb6 Rd2 50. Rh3 Rh2 51. Rf3 Bd6 52. Rd3 e5 53. c4 e4 54. Rd5 e3 55. c5 e2 56. cxd6+ Kd8 57. Rc5 1-0

[Event "Olympiad-41"]
[Site "Tromsoe"]
[Date "2014.08.11"]
[Round "9.4"]
[White "Giron Chavez, David Emanuel"]
[Black "Nilssen, John Arni"]
[Result "1-0"]
[WhiteElo "2103"]
[BlackElo "2322"]
[PlyCount "71"]
[EventDate "2014.08.02"]
[EventType "team-swiss"]
[EventRounds "11"]
[EventCountry "NOR"]
[SourceTitle "CBM 162"]
[Source "ChessBase"]
[SourceDate "2014.09.17"]
[SourceVersion "1"]
[SourceVersionDate "2014.09.17"]
[SourceQuality "1"]
[WhiteTeam "Guatemala"]
[BlackTeam "Faroe Islands"]
[WhiteTeamCountry "GUA"]
[BlackTeamCountry "FAI"]

1. e4 c5 2. Nf3 Nc6 3. d4 cxd4 4. Nxd4 e5 5. Nb5 d6 6. g3 Be7 7. Bg2 Be6 8. N1c3 a6 9. Na3 Rc8 10. Nd5 b5 11. c3 Bg5 12. Bxg5 Qxg5 13. 0-0 Qd8 14. Nc2 Nce7 15. Qd3 Bxd5 16. exd5 Qb6 17. a4 bxa4 18. Rxa4 Qxb2 19. c4 Nf6 20. Rb4 e4 21. Bxe4 Qe5 22. Re1 Kf8 23. f4 Qh5 24. Rb6 Rd8 25. Nd4 Nc8 26. Bf3 Qh3 27. Rxa6 Qd7 28. Nb5 Qb7 29. Qa3 Qb8 30. Qa5 Re8 31. Rxe8+ Nxe8 32. Qd8 Qb7 33. Rc6 Na7 34. Rb6 Qc8 35. Qxc8 Nxc8 36. Rb8 1-0

[Event "Olympiad-41"]
[Site "Tromsoe"]
[Date "2014.08.08"]
[Round "6.4"]
[White "Mihajlov, Sebastian"]
[Black "Giron Chavez, David Emanuel"]
[Result "1-0"]
[WhiteElo "2305"]
[BlackElo "2103"]
[PlyCount "111"]
[EventDate "2014.08.02"]
[EventType "team-swiss"]
[EventRounds "11"]
[EventCountry "NOR"]
[SourceTitle "CBM 162"]
[Source "ChessBase"]
[SourceDate "2014.09.17"]
[SourceVersion "1"]
[SourceVersionDate "2014.09.17"]
[SourceQuality "1"]
[WhiteTeam "Norway III"]
[BlackTeam "Guatemala"]
[WhiteTeamCountry "NOR"]
[BlackTeamCountry "GUA"]

1. d4 Nf6 2. Nf3 e6 3. c4 Bb4+ 4. Nbd2 0-0 5. e3 b6 6. Bd3 Bb7 7. a3 Bxd2+ 8. Qxd2 d6 9. 0-0 Nbd7 10. Qc2 c5 11. b3 Qe7 12. Bb2 h6 13. Rad1 Rac8 14. Rfe1 Rfd8 15. e4 cxd4 16. Nxd4 Nc5 17. f3 a6 18. Bf1 Qc7 19. Qf2 Ncd7 20. Bd3 Ne5 21. Bb1 Nc6 22. Nxc6 Bxc6 23. e5 dxe5 24. Bxe5 Qe7 25. Rxd8+ Rxd8 26. Qxb6 Nd7 27. Qxc6 Nxe5 28. Qe4 Qc5+ 29. Kh1 Ng6 30. b4 Qf2 31. Rg1 Rd4 32. Qa8+ Kh7 33. Qa7 Kg8 34. Bxg6 fxg6 35. Qxa6 Qe2 36. h3 Rxc4 37. a4 Kh7 38. a5 Qc2 39. b5 Rb4 40. b6 Qa4 41. Qa7 Qb5 42. a6 Qxb6 43. Qxb6 Rxb6 44. Ra1 Rb8 45. a7 Ra8 46. Kg1 Kg8 47. Kf2 Kf7 48. Ke3 Ke7 49. Kd4 Kd7 50. Ke5 g5 51. g4 Ke7 52. Ra2 Kd7 53. Ra6 Kc8 54. Kxe6 Kb7 55. Ra3 g6 56. Kf7 1-0

[Event "Managua Sub zt 2.3"]
[Site "Managua"]
[Date "2014.05.02"]
[Round "8"]
[White "Giron Chavez, David Emanuel"]
[Black "Arias, Daniel1"]
[Result "0-1"]
[WhiteElo "2108"]
[BlackElo "2202"]
[PlyCount "72"]
[EventDate "2014.04.27"]
[EventType "swiss"]
[EventRounds "9"]
[EventCountry "NCA"]
[SourceTitle "EXT 2015"]
[Source "ChessBase"]
[SourceDate "2014.11.20"]
[SourceVersion "1"]
[SourceVersionDate "2014.11.20"]
[SourceQuality "1"]

1. e4 c5 2. Nc3 a6 3. g3 b5 4. Bg2 Bb7 5. Nge2 g6 6. 0-0 Bg7 7. d3 d6 8. h3 e6 9. g4 b4 10. Nb1 h5 11. g5 h4 12. f4 Ne7 13. Nd2 Nbc6 14. Qe1 Qb6 15. Nc4 Qc7 16. a3 d5 17. Ne3 dxe4 18. dxe4 0-0-0 19. c3 b3 20. Ng4 Na5 21. Kh1 Qc6 22. Qf2 Nc4 23. Ng1 Rd3 24. Qe2 Rhd8 25. Nf2 Nf5 26. Kh2 Ng3 27. Qg4 Nxf1+ 28. Bxf1 Ne3 29. Qe2 Nxf1+ 30. Qxf1 Rd2 31. Ne2 Rc2 32. a4 a5 33. Qe1 Ba6 34. Ng1 Bb7 35. Ne2 Qa6 36. Ng1 Qd3 0-1

[Event "Managua Sub zt 2.3"]
[Site "Managua"]
[Date "2014.04.29"]
[Round "4"]
[White "Baules Rodriguez, Jorge Luis"]
[Black "Giron Chavez, David Emanuel"]
[Result "1/2-1/2"]
[WhiteElo "2303"]
[BlackElo "2108"]
[PlyCount "41"]
[EventDate "2014.04.27"]
[EventType "swiss"]
[EventRounds "9"]
[EventCountry "NCA"]
[SourceTitle "EXT 2015"]
[Source "ChessBase"]
[SourceDate "2014.11.20"]
[SourceVersion "1"]
[SourceVersionDate "2014.11.20"]
[SourceQuality "1"]

1. d4 Nf6 2. c4 e6 3. g3 Bb4+ 4. Nd2 0-0 5. Ngf3 b6 6. Bg2 Bb7 7. 0-0 d5 8. a3 Be7 9. cxd5 exd5 10. Ne5 c5 11. e3 Nbd7 12. Nxd7 Qxd7 13. Nf3 Ne4 14. Ne5 Qe6 15. f3 Nd6 16. Nd3 Nf5 17. Nf4 Qd6 18. g4 Nh4 19. Bh3 Bf6 20. Nh5 Qe7 21. Ng3 1/2-1/2

[Event "Panama op 3rd"]
[Site "Panama City"]
[Date "2013.11.04"]
[Round "7"]
[White "Sun Chin, Robert Patrick"]
[Black "Giron Chavez, David Emanuel"]
[Result "1-0"]
[WhiteElo "1820"]
[BlackElo "2065"]
[PlyCount "77"]
[EventDate "2013.10.30"]
[EventType "swiss"]
[EventRounds "9"]
[EventCountry "PAN"]
[SourceTitle "EXT 2014"]
[Source "ChessBase"]
[SourceDate "2013.11.20"]
[SourceVersion "1"]
[SourceVersionDate "2013.11.20"]
[SourceQuality "1"]

1. e4 c5 2. Nf3 d6 3. d4 cxd4 4. Nxd4 e5 5. Nb3 Nf6 6. Nc3 Be6 7. Be3 Be7 8. f3 a6 9. Qd2 b5 10. 0-0-0 Nbd7 11. g4 b4 12. Ne2 0-0 13. Ng3 d5 14. g5 d4 15. Bxd4 Bxb3 16. axb3 exd4 17. gxf6 Nxf6 18. Kb1 Bc5 19. Nf5 g6 20. Qh6 Nh5 21. Rg1 Kh8 22. Bc4 gxf5 23. Qxh5 d3 24. Rg3 dxc2+ 25. Kxc2 Qf6 26. Rd5 Rad8 27. Rh3 Qg7 28. Rxc5 Rd2+ 29. Kxd2 Qxb2+ 30. Ke1 Qa1+ 31. Kf2 Qd4+ 32. Ke2 Qb2+ 33. Ke3 Qc3+ 34. Bd3 f4+ 35. Ke2 Qb2+ 36. Rc2 Qg7 37. Qg4 Qd4 38. Rxh7+ Kxh7 39. e5+ 1-0

[Event "Panama op 3rd"]
[Site "Panama City"]
[Date "2013.10.31"]
[Round "2"]
[White "Pazos Gambarrotti, Plinio Efrain"]
[Black "Giron Chavez, David Emanuel"]
[Result "1-0"]
[WhiteElo "2298"]
[BlackElo "2065"]
[PlyCount "145"]
[EventDate "2013.10.30"]
[EventType "swiss"]
[EventRounds "9"]
[EventCountry "PAN"]
[SourceTitle "EXT 2014"]
[Source "ChessBase"]
[SourceDate "2013.11.20"]
[SourceVersion "1"]
[SourceVersionDate "2013.11.20"]
[SourceQuality "1"]

1. d4 Nf6 2. Nf3 e6 3. g3 b5 4. Bg2 Bb7 5. 0-0 c5 6. dxc5 Bxc5 7. Nbd2 0-0 8. c4 bxc4 9. Nxc4 Bd5 10. b3 d6 11. Bb2 e5 12. Qc2 Be4 13. Qd2 Nc6 14. Rad1 Qe7 15. a3 Bd5 16. Qc2 Be4 17. Qc1 a5 18. Ne1 Bxg2 19. Nxg2 Nd4 20. Bxd4 Bxd4 21. Nge3 d5 22. Nf5 Qe6 23. Qg5 g6 24. Nxd4 exd4 25. Nd2 Ne4 26. Nxe4 dxe4 27. Rxd4 Qxb3 28. a4 Rfe8 29. e3 Qe6 30. Rfd1 Qe5 31. Qh4 Qe7 32. Qf4 Kg7 33. Rc1 Rab8 34. Rc7 Qf6 35. Qxf6+ Kxf6 36. Rdd7 Rf8 37. Ra7 Rbd8 38. Rxd8 Rxd8 39. Rxa5 Rd1+ 40. Kg2 Ra1 41. g4 h6 42. h4 Ra2 43. Kg3 Ke6 44. Ra8 Kf6 45. Ra5 Ke6 46. Ra6+ Ke7 47. h5 g5 48. a5 f6 49. Ra7+ Kf8 50. Kg2 Ra1 51. Ra8+ Kf7 52. a6 Kg7 53. a7 Ra4 54. Kf1 Ra1+ 55. Ke2 Ra2+ 56. Ke1 Ra4 57. Kd2 Ra3 58. Kc2 Ra1 59. Kb3 Ra6 60. Kc4 Ra1 61. Kd5 Ra4 62. Ke6 Ra5 63. Kd6 Ra2 64. Kc5 Ra1 65. Kd4 Ra4+ 66. Kd5 Kh7 67. Ke6 Kg7 68. Kf5 Ra5+ 69. Kxe4 Ra4+ 70. Kd5 Ra6 71. Kc5 Ra4 72. Kd6 Ra5 73. Rc8 1-0

[Event "Universiad Men 27th"]
[Site "Kazan"]
[Date "2013.07.12"]
[Round "6"]
[White "Giron Chavez, David Emanuel"]
[Black "Pham, Chuong"]
[Result "0-1"]
[WhiteElo "2062"]
[BlackElo "2365"]
[PlyCount "72"]
[EventDate "2013.07.09"]
[EventType "swiss"]
[EventRounds "9"]
[EventCountry "RUS"]
[SourceTitle "EXT 2014"]
[Source "ChessBase"]
[SourceDate "2013.11.20"]
[SourceVersion "1"]
[SourceVersionDate "2013.11.20"]
[SourceQuality "1"]

1. e4 c5 2. Nf3 d6 3. d4 cxd4 4. Nxd4 Nf6 5. Nc3 g6 6. Be3 Bg7 7. f3 Nc6 8. Qd2 0-0 9. 0-0-0 d5 10. exd5 Nxd5 11. Nxc6 bxc6 12. Bd4 e5 13. Bc5 Be6 14. Ne4 Rb8 15. Bc4 Re8 16. g4 h6 17. Bb3 a5 18. c4 Nf4 19. Qxd8 Rexd8 20. Rxd8+ Rxd8 21. Bb6 Rd3 22. Nc5 Rxf3 23. Nxe6 Nxe6 24. Bxa5 e4 25. Be1 f5 26. Bh4 Nc5 27. gxf5 Nxb3+ 28. axb3 gxf5 29. Kc2 Be5 30. Rg1+ Kf7 31. Rg2 c5 32. Be1 Rf1 33. Bg3 Ke6 34. b4 f4 35. Bxf4 Rxf4 36. bxc5 Rh4 0-1